000 00572nam a2200217Ia 4500
005 20250508163542.0
008 008 250505s9999 xx 000 0 hin d
020 _a81-7315-072-9
037 _aTextual
040 _aFEDL
_beng
_cFEDL
041 _ahin
_2eng
084 _a155.4, JAG
_qFEDL
100 _aJagat Singh
245 0 _aBachche kyon bigarte hain
260 _aNew Delhi, India
_bPrabhat Prakashan
_c1996
300 _a215p.
365 _aINR
_b75
650 _aChild Psychology
942 _cTEXL
_h155.4, JAG
999 _c1384030
_d1384030